| 000 | 00707nam a2200241Ia 4500 | ||
|---|---|---|---|
| 003 | OSt | ||
| 005 | 20220925174239.0 | ||
| 006 | a|||||r|||| 00| 0 | ||
| 007 | ta | ||
| 008 | 220923b |||||||| |||| 00| 0 eng d | ||
| 037 | _cGeneral Book | ||
| 040 |
_aRTL _cRTL _beng |
||
| 041 |
_2eng _aeng |
||
| 082 | _aX9(J451).2.N81r, M1 | ||
| 110 |
_aINDIAN TEA ASSOCIATION _9246297 |
||
| 245 | 0 | _aDetailed report of the general committee,1981. | |
| 260 |
_aCalcutta _bIndian Tea Association _c1982 |
||
| 300 |
_axii,295p. _ccm. |
||
| 500 | _aAppendix :213-295p. | ||
| 700 |
_aINDIAN TEA ASSOCIATION _9246298 |
||
| 942 |
_hX9(J451).2.N81r, M1 _cGB _2CC |
||
| 999 |
_c490365 _d490365 |
||